| 000 | 02126nam a22004697a 4500 | ||
|---|---|---|---|
| 003 | CHAP | ||
| 005 | 20220329134942.0 | ||
| 008 | 971013s1959 r 00010 d | ||
| 010 | _a28582 | ||
| 011 | _a29554 | ||
| 035 | _a33665 | ||
| 040 | _cCHAP | ||
| 082 |
_a543 _bK65 |
||
| 100 | 0 | 0 |
_aKolthoff, Izaak Maurits. _963673 |
| 245 | _aTreatise on analytical chemistry | ||
| 260 |
_aNew York : _bInterscience, _c1959- |
||
| 300 | _a3 v. | ||
| 505 | _aContenido : v.1 Theory and practice.--v.2 Analytic chemistry of the elements | ||
| 590 |
_aBATCH-UPD _b10 _c20130110 _lUCH01 _h0124 |
||
| 590 |
_aBATCH-UPD _b10 _c20130110 _lUCH01 _h2052 |
||
| 590 |
_aBATCH-UPD _b10 _c20130410 _lUCH01 _h1405 |
||
| 590 |
_aBATCH-UPD _b10 _c20130914 _lUCH01 _h1709 |
||
| 590 |
_aCONVERSION _b10 _c20130109 _lUCH01 _h1316 |
||
| 650 | 1 | 4 |
_aQuímica analítica. _993582 |
| 700 | 0 |
_aElving, Philip J. _936456 |
|
| 901 | _aBK | ||
| 942 | _cLIBRO | ||
| 949 |
_a543 K65 _bBC _cLIBRO _d33724000390258 _eLIBRO _fv.3 Pte. 2 _h10180 _i33665 _si |
||
| 949 |
_a543 K65 _bBC _cLIBRO _d33724000390266 _eLIBRO _fv.2 Pte.2 _h10179 _i33665 _si |
||
| 949 |
_a543 K65 _bBC _cLIBRO _d33724000390274 _eLIBRO _fv.1 Pte. 2 _h10178 _i33665 _si |
||
| 949 |
_a543 K65 _bBC _cLIBRO _d33724000390282 _eLIBRO _fv.4 Pte.1 _h10177 _i33665 _si |
||
| 949 |
_a543 K65 _bBC _cLIBRO _d33724000390290 _eLIBRO _fv.3 Pte. 1 _h10176 _i33665 _si |
||
| 949 |
_a543 K65 _bBC _cLIBRO _d33724000390308 _eLIBRO _fv.2 Pte.1 _h10175 _i33665 _si |
||
| 949 |
_a543 K65 _bBC _cLIBRO _d33724000390316 _eLIBRO _fv.1 Pte.1 _h10174 _i33665 _si |
||
| 949 |
_a543 K65 _bBC _cLIBRO _d33724000390969 _eLIBRO _fv.4 Pte. 2 _h10181 _i33665 _si |
||
| 949 |
_a543 K65 _bBC _cLIBRO _d33724000412516 _eLIBRO _fv.8 Pte.2 _h10185 _i33665 _si |
||
| 949 |
_a543 K65 _bBC _cLIBRO _d33724000412524 _eLIBRO _fv.11 Pte.2 _h10187 _i33665 _si |
||
| 949 |
_a543 K65 _bBC _cLIBRO _d33724000412532 _eLIBRO _fv.9 Pte. _h10186 _i33665 _si |
||
| 949 |
_a543 K65 _bBC _cLIBRO _d33724000412540 _eLIBRO _fv.7 Pte.2 _h10184 _i33665 _si |
||
| 949 |
_a543 K65 _bBC _cLIBRO _d33724000412557 _eLIBRO _fv.6 Pte.2 _h10183 _i33665 _si |
||
| 949 |
_a543 K65 _bBC _cLIBRO _d33724000412565 _eLIBRO _fv.5 Pte.2 _h10182 _i33665 _si |
||
| 999 |
_c28582 _d28582 |
||